Dentro de la selva tropical / (Registro nro. 12531)

Detalles MARC
000 -LEADER
fixed length control field 00660nam a22002057a 4500
003 - CONTROL NUMBER IDENTIFIER
control field DO-SdBNP
005 - DATE AND TIME OF LATEST TRANSACTION
control field 20170120115810.0
008 - FIXED-LENGTH DATA ELEMENTS--GENERAL INFORMATION
fixed length control field 170120b 1993 xx |||| |||| 00| 0 spa d
020 ## - INTERNATIONAL STANDARD BOOK NUMBER
International Standard Book Number 0881064211
040 ## - CATALOGING SOURCE
Original cataloging agency BPMSU
Language of cataloging spa
Transcribing agency BPMSU
100 ## - MAIN ENTRY--PERSONAL NAME
Personal name Willow, Diane
245 ## - TITLE STATEMENT
Title Dentro de la selva tropical /
Statement of responsibility, etc. Diane Willow ; ilustraciones Laura Jacques
260 ## - PUBLICATION, DISTRIBUTION, ETC. (IMPRINT)
Place of publication, distribution, etc. Estados Unidos de América :
Name of publisher, distributor, etc. Charlesbridge,
Date of publication, distribution, etc. 1993
300 ## - PHYSICAL DESCRIPTION
Extent [36 p.]:
Other physical details ils. ;
Dimensions 32 cm.
490 ## - SERIES STATEMENT
Series statement Estrella estrella dejame leer
700 ## - ADDED ENTRY--PERSONAL NAME
Personal name Jacques, Laura
Relator term ils.
830 ## - SERIES ADDED ENTRY--UNIFORM TITLE
Uniform title Estrella estrella dejame leer
942 ## - ADDED ENTRY ELEMENTS (KOHA)
Source of classification or shelving scheme Dewey Decimal Classification
Koha item type Libros
956 ## - LOCAL ELECTRONIC LOCATION AND ACCESS (OCLC)
Host name VMATEO
Access number 10
Compression information 20170120
Path BPMSU
Electronic name 0069
Existencias
Withdrawn status Lost status Source of classification or shelving scheme Damaged status Not for loan Collection code Home library Current library Date acquired Source of acquisition Total Checkouts Barcode Date last seen Price effective from Koha item type
    Dewey Decimal Classification     Colección Infantil General Biblioteca Pública Metropolitana Salomé Ureña Biblioteca Pública Metropolitana Salomé Ureña 01/20/2017 Agencia de Cooperación Internacional de Japón   BPMET17010749 01/20/2017 01/20/2017 Libros